Statistics for Top 20 Words Starting With GL

Click here to take the quiz!

General Stats

  • This quiz has been taken 726 times
  • The average score is 11 of 20

Answer Stats

ranklettersword% Correct
34glad
94%
64glow
88%
15glass
82%
104glue
77%
85glare
75%
205gland
65%
115glove
61%
55glory
60%
145gloss
59%
197glamour
57%
125globe
51%
95gloom
49%
177glitter
47%
165gleam
39%
26glance
35%
158glorious
33%
46global
31%
77glimpse
29%
136gloomy
26%
186glider
20%

Score Distribution

Percentile by Number Answered

Percent of People with Each Score

Your Score History

You have not taken this quiz